Batman (Record no. 46698)

MARC details
000 -LÍDER
campo de controle de tamanho fixo 00349 a2200169 4500
001 - NÚMERO DE CONTROLE
campo de controle 46698
020 ## - ISBN - INTERNATIONAL STANDARD BOOK NUMBER
ISBN - International Standard Book Number 9788576764953
040 ## - FONTE DA CATALOGAÇÃO
Instituição que transcreveu o registro Anchieta - Aquarius
100 ## - ENTRADA PRINCIPAL--NOME PESSOAL
Nome pessoal Ciencin, Scott
240 10 - TÍTULO UNIFORME
Título uniforme Batman
Idioma da obra por
245 10 - TÍTULO
Título Batman
300 ## - DESCRIÇÃO FÍSICA
Extensão
362 0# - DATAS DE PUBLICAÇÃO E/OU DESIGNAÇÃO SEQUENCIAL
Datas de publicação e/ou designação sequencial 2008
440 #1 - DECLARAÇÃO DE SÉRIE/ENTRADA ADICIONADA--TÍTULO
Título Fundamento
650 #4 - ASSUNTO--TERMO TÓPICO
Cabeçalho tópico ou nome geográfico Literatura infanto-juvenil
942 ## - ELEMENTOS DE ENTRADA ADICIONADOS (KOHA)
Tipo de material Koha Livros
Holdings
Situação do descarte Situação das perdas Situação física Não pode ser emprestado Biblioteca de origem Biblioteca atual Data de aquisição Total de empréstimos Número de chamada completo Código de barras Data de último acesso Data do preço efetivo Tipo de material Koha Fonte da classificação ou esquema de arquivamento na estante Devolução em Data do último empréstimo Número do exemplar
        Colégio Anchieta - Aquarius Colégio Anchieta - Aquarius 21/11/2023   028.5 CIE BAT 4759/AQU 21/11/2023 21/11/2023 Livros        
        Portinari - Salvador Portinari - Salvador 09/11/2022 1 028.5 C569b 12177/CCP 21/08/2024 25/04/2024 Livros   28/08/2024 21/08/2024 Ex. 1